000 00568nam a22002057a 4500
005 20260220103844.0
008 240214b |||||||| |||| 00| 0 eng d
020 _a978-93-92242-68-7
041 _aEng
082 _a618.23
_223
100 _aSasmal Suvashri
245 _aTextbook of Child Health Nursing-I for BSc Nursing Students Semester-V
250 _a1st Edition
260 _bVision Health Sciences Publishers
_c2024
_aPunjab
300 _a390p
365 _b725.00
650 _aChild Health Nursing
651 _aChild Health Nursing
942 _cBK
999 _c357098
_d357098